000 00790nam a2200217 a 4500
005 20230609063522.0
008 051123s1998 mx r 000 0 spa d
020 _a8449011965
035 _aUPN01000141240
049 _aCG
050 4 _aRJ499
_bA3.7
245 0 0 _aActualizaciones en psicopatología infantil II :
_bde cero a seis años /
_cFrancesc Cuxart... [et al.] ; ed. Edelmira Doménench-Llaberia.
260 _aBarcelona, Esp. :
_bUniversitat Autonoma de Barcelona, Servei de Publicacions,
_c1998.
300 _a331 p.
440 0 _aCiència i tècnica ;
_v11.
_pPsicologia infantil
650 4 _aPsicología infantil
_990
650 4 _aNIÑOS ENFERMOS MENTALES
_94374
700 1 _aCuxart, Francesc,
_ecoaut.
700 1 _aDomènench-Llaberia, Edelmira,
_eed.
905 _aLibro
999 _c113387
_d113387